La piccola verità : (Record no. 195954)

MARC details
000 -LEADER
campo de control de longitud fija 01544nam a2200397 i 4500
001 - NÚMERO DE CONTROL
campo de control 195954
003 - IDENTIFICADOR DE NÚMERO DE CONTROL
campo de control ES-MaACL
005 - FECHA Y HORA DE LA ÚLTIMA TRANSACCIÓN
campo de control 20250823095621.0
008 - DATOS DE LONGITUD FIJA--INFORMACIÓN GENERAL
campo de control de longitud fija 240804s2019 it a b 000 0 ita d
020 ## - NÚMERO INTERNACIONAL ESTÁNDAR DEL LIBRO
Número Internacional Estándar del Libro 9788857556093
020 ## - NÚMERO INTERNACIONAL ESTÁNDAR DEL LIBRO
Número Internacional Estándar del Libro 8857556093
035 ## - NÚMERO DE CONTROL DEL SISTEMA
Número de control de sistema Rebiun28987229
040 ## - FUENTE DE CATALOGACIÓN
Centro catalogador/agencia de origen S9M
Lengua de catalogación spa
Centro/agencia transcriptor S9M
Centro/agencia modificador ES-MaACL
080 ## - NÚMERO DE LA CLASIFICACIÓN DECIMAL UNIVERSAL
Número de la Clasificación Decimal Universal 1Sgalambro, Manlio
Identificador de la edición 2015
245 03 - MENCIÓN DEL TÍTULO
Título La piccola verità :
Resto del título quattro saggi su Manlio Sgalambro /
Mención de responsabilidad, etc. Patrizia Trovato, Antonio Carulli, Piercarlo Necchi, Manuel Pérez Cornejo.
264 #1 - PRODUCCIÓN, PUBLICACIÓN, DISTRIBUCIÓN, FABRICACIÓN Y COPYRIGHT
Producción, publicación, distribución, fabricación y copyright Milano :
Nombre del de productor, editor, distribuidor, fabricante Mimesis,
Fecha de producción, publicación, distribución, fabricación o copyright cop.2019.
300 ## - DESCRIPCIÓN FÍSICA
Extensión 162 p. :
Otras características físicas il. ;
Dimensiones 21 cm.
336 ## - TIPO DE CONTENIDO
Fuente rdacontent
Término de tipo de contenido texto
337 ## - TIPO DE MEDIO
Fuente rdamedia
Nombre/término del tipo de medio sin mediación
338 ## - TIPO DE SOPORTE
Fuente rdacarrier
Nombre/término del tipo de soporte volumen
490 0# - MENCIÓN DE SERIE
Mención de serie Filosofie ;
Designación de volumen o secuencia n. 634
504 ## - NOTA DE BIBLIOGRAFÍA, ETC.
Nota de bibliografía, etc. Incluye bibliogr. ref
600 #0 - PUNTO DE ACCESO ADICIONAL DE MATERIA--NOMBRE DE PERSONA
Nombre de persona Sgalambro, Manlio,
Fechas asociadas al nombre 1924-2014
9 (RLIN) 237716
600 10 - PUNTO DE ACCESO ADICIONAL DE MATERIA--NOMBRE DE PERSONA
Nombre de persona Spinoza, Benedictus de-
Subdivisión general Influencia-
-- Sgalambro, Manlio
9 (RLIN) 237717
650 07 - PUNTO DE ACCESO ADICIONAL DE MATERIA--TÉRMINO DE MATERIA
Término de materia o nombre geográfico como elemento de entrada Estética musical
Fuente del encabezamiento o término embne
9 (RLIN) 12548
700 ## - ENTRADA AGREGADA--NOMBRE PERSONAL
Nombre de persona Trovato, Patrizia
9 (RLIN) 237719
Término indicativo de función/relación Autor
700 ## - ENTRADA AGREGADA--NOMBRE PERSONAL
Nombre de persona Carulli, Antonio,
Fechas asociadas al nombre 1983-
9 (RLIN) 237720
Término indicativo de función/relación Autor
700 ## - ENTRADA AGREGADA--NOMBRE PERSONAL
Nombre de persona Necchi, Piercarlo
9 (RLIN) 237721
Término indicativo de función/relación Autor
700 1# - ENTRADA AGREGADA--NOMBRE PERSONAL
Nombre de persona Pérez Cornejo, Manuel
9 (RLIN) 90742
Término indicativo de función/relación Autor
852 ## - LOCALIZACIÓN
Ubicación ES-MaACL
Sublocalización o colección R.152833
Ubicación en estantería Depósito J
Número de control de estantería N-9079
Donativo/Legado Donación: Manuel Pérez Cornejo
Encuadernación Encuadernación rústica
itemnumber 204986
903 ## - NOMBRE PERSONAL DE DONANTE
9 90742
a Pérez Cornejo, Manuel
e Donante
942 ## - ELEMENTOS DE ENTRADA SECUNDARIOS (KOHA)
Tipo de ítem Koha Libro impreso
Suprimir en OPAC No
Holdings
Estatus retirado Estado de pérdida Fuente del sistema de clasificación o colocación Estado de daño No para préstamo Biblioteca de origen Biblioteca actual Ubicación en estantería Fecha de adquisición Fuente de adquisición Total de préstamos Signatura topográfica completa Código de barras Visto por última vez Precio de reemplazo Tipo de ítem Koha
    Clasificación decimal universal     Biblioteca del Ateneo de Madrid Biblioteca del Ateneo de Madrid Depósito J 08/04/2025 Donación   N-9079 101229833 08/04/2025 08/04/2025 Libro impreso